[Event "HUN-chT2 Asztalos 1819"]
[Site "Hungary"]
[Date "2018.11.18"]
[Round "2.3"]
[White "Szabo, Richard"]
[Black "Szaz, Ferenc"]
[Result "1/2-1/2"]
[WhiteElo "2186"]
[BlackElo "2011"]
[PlyCount "47"]
[EventDate "2018.10.28"]
[EventType "team-tourn"]
[EventRounds "9"]
[EventCountry "HUN"]
[SourceTitle "CBM 189 Extra"]
[Source "ChessBase"]
[SourceDate "2019.06.03"]
[SourceVersion "1"]
[SourceVersionDate "2019.06.03"]
[SourceQuality "1"]
[WhiteTeam "Decs 1990"]
[BlackTeam "Komlo"]
[WhiteTeamCountry "HUN"]
[BlackTeamCountry "HUN"]

1. c4 Nf6 2. Nc3 c5 3. g3 Nc6 4. Bg2 e6 5. e4 e5 6. d3 d6 7. Nge2 Be7 8. 0-0 0-0 9. a3 Nd4 10. Nxd4 cxd4 11. Nd5 Nxd5 12. cxd5 Qb6 13. b4 Bd7 14. Qb3 a5 15. Bd2 a4 16. Qb1 Rac8 17. Rc1 Rxc1+ 18. Qxc1 Rc8 19. Qb1 Bb5 20. Bf1 Qa6 21. Ra2 Rc7 22. Rc2 Qb6 23. Qc1 Bd8 24. Rxc7 1/2-1/2

[Event "HUN-chT2 Asztalos 1617"]
[Site "Hungary"]
[Date "2016.10.30"]
[Round "3.3"]
[White "Nemeth, Antal"]
[Black "Szaz, Ferenc"]
[Result "1/2-1/2"]
[WhiteElo "2269"]
[BlackElo "2082"]
[PlyCount "40"]
[EventDate "2016.09.25"]
[EventType "team-tourn"]
[EventRounds "11"]
[EventCountry "HUN"]
[SourceTitle "EXT 2021"]
[Source "ChessBase"]
[SourceDate "2020.10.23"]
[SourceVersion "1"]
[SourceVersionDate "2020.10.23"]
[SourceQuality "1"]
[WhiteTeam "Baja"]
[BlackTeam "Komlo Banyasz II"]
[WhiteTeamCountry "HUN"]
[BlackTeamCountry "HUN"]

1. Nf3 c5 2. g3 Nc6 3. Bg2 d5 4. d4 cxd4 5. Nxd4 e5 6. Nxc6 bxc6 7. 0-0 Bc5 8. c4 Ne7 9. Nc3 Be6 10. cxd5 cxd5 11. Qa4+ Bd7 12. Qa6 Rb8 13. a4 e4 14. Bg5 f6 15. Bxf6 gxf6 16. Qxf6 Rf8 17. Qe5 Rf5 18. Qh8+ Rf8 19. Qe5 Rf5 20. Qh8+ Rf8 1/2-1/2

[Event "HUN-chT2 Asztalos 1617"]
[Site "Hungary"]
[Date "2016.10.09"]
[Round "2.3"]
[White "Szaz, Ferenc"]
[Black "Miovecz, Janos"]
[Result "0-1"]
[WhiteElo "2082"]
[BlackElo "2103"]
[PlyCount "89"]
[EventDate "2016.09.25"]
[EventType "team-tourn"]
[EventRounds "11"]
[EventCountry "HUN"]
[SourceTitle "EXT 2021"]
[Source "ChessBase"]
[SourceDate "2020.10.23"]
[SourceVersion "1"]
[SourceVersionDate "2020.10.23"]
[SourceQuality "1"]
[WhiteTeam "Komlo Banyasz II"]
[BlackTeam "Kaposvar Bastya"]
[WhiteTeamCountry "HUN"]
[BlackTeamCountry "HUN"]

1. d4 d5 2. c4 e6 3. Nc3 Be7 4. Bf4 Nf6 5. e3 0-0 6. Nf3 Nh5 7. Bg3 c6 8. Ne5 g6 9. Be2 Nxg3 10. hxg3 Nd7 11. Nxd7 Bxd7 12. Qc2 Bf6 13. f4 Rc8 14. c5 Bg7 15. g4 f6 16. 0-0-0 b6 17. b4 a5 18. a3 axb4 19. axb4 bxc5 20. bxc5 Qa5 21. Kd2 e5 22. f5 exd4 23. exd4 Rfe8 24. Qd3 Re7 25. Ra1 Qc7 26. Qf3 Rce8 27. Rhf1 Re3 28. Qxe3 Rxe3 29. Kxe3 Qg3+ 30. Rf3 Qxg4 31. fxg6 Bh6+ 32. Kf2 Qxd4+ 33. Kf1 hxg6 34. Ra8+ Bf8 35. Na4 Bf5 36. Rb3 Kg7 37. Rb7+ Kh6 38. Rxf8 Qxa4 39. Rbf7 Qa1+ 40. Kf2 Qd4+ 41. Kf1 Qxc5 42. Rxf6 d4 43. Rd8 Qc1+ 44. Kf2 d3 45. Bf3 0-1

[Event "HUN-chT2 Asztalos 1516"]
[Site "Hungary"]
[Date "2016.02.14"]
[Round "7.3"]
[White "Zsigmond, Karoly"]
[Black "Szaz, Ferenc"]
[Result "1/2-1/2"]
[WhiteElo "2046"]
[BlackElo "2090"]
[PlyCount "30"]
[EventDate "2015.09.13"]
[EventType "team-tourn"]
[EventRounds "11"]
[EventCountry "HUN"]
[SourceTitle "EXT 2017"]
[Source "ChessBase"]
[SourceDate "2016.10.25"]
[SourceVersion "1"]
[SourceVersionDate "2016.10.25"]
[SourceQuality "1"]
[WhiteTeam "Kiraly Sakk"]
[BlackTeam "Komlo Banyasz"]
[WhiteTeamCountry "HUN"]
[BlackTeamCountry "HUN"]

1. d4 d5 2. c4 c6 3. e3 e6 4. Nc3 Nf6 5. f4 Nbd7 6. Nf3 Be7 7. Bd3 dxc4 8. Bxc4 b5 9. Bb3 Bb7 10. 0-0 a5 11. Bc2 b4 12. Ne4 Nxe4 13. Bxe4 Nf6 14. Nd2 Nxe4 15. Nxe4 Qd5 1/2-1/2

[Event "HUN-chT2 Asztalos 1112"]
[Site "Hungary"]
[Date "2012.04.22"]
[Round "9.4"]
[White "Ferenczy, Mate"]
[Black "Szaz, Ferenc"]
[Result "1-0"]
[WhiteElo "2025"]
[BlackElo "2191"]
[PlyCount "63"]
[EventDate "2011.09.25"]
[EventType "team-tourn"]
[EventRounds "11"]
[EventCountry "HUN"]
[SourceTitle "EXT 2013"]
[Source "ChessBase"]
[SourceDate "2012.11.22"]
[SourceVersion "1"]
[SourceVersionDate "2012.11.22"]
[SourceQuality "1"]
[WhiteTeam "Marcali"]
[BlackTeam "Komlo"]
[WhiteTeamCountry "HUN"]
[BlackTeamCountry "HUN"]

1. e4 g6 2. d4 Bg7 3. Nc3 c5 4. dxc5 Qa5 5. Bd2 Qxc5 6. Nd5 a6 7. Rb1 Bd4 8. Qe2 e6 9. c3 Bxf2+ 10. Qxf2 Qxf2+ 11. Kxf2 exd5 12. exd5 f6 13. Re1+ Kf7 14. a4 Ne7 15. Bf4 g5 16. Bc7 d6 17. Bc4 Bd7 18. Bxd6 Nc8 19. Bc5 Bxa4 20. Nh3 Bd7 21. Rhf1 Bxh3 22. gxh3 Nd7 23. d6+ Kg7 24. Bd4 b5 25. Bd5 Rb8 26. Kg3 Rf8 27. Re6 Ncb6 28. Re7+ Kg6 29. Be4+ f5 30. Rg7+ Kh6 31. Bxf5 Rxf5 32. Rxf5 1-0

[Event "HUN-chT2 Asztalos 1011"]
[Site "Hungary"]
[Date "2011.04.17"]
[Round "9.3"]
[White "Szaz, Ferenc"]
[Black "Illes, Attila"]
[Result "1/2-1/2"]
[WhiteElo "2183"]
[BlackElo "1875"]
[PlyCount "45"]
[EventDate "2010.09.12"]
[EventType "team-tourn"]
[EventRounds "11"]
[EventCountry "HUN"]
[SourceTitle "EXT 2012"]
[Source "ChessBase"]
[SourceDate "2011.11.24"]
[SourceVersion "1"]
[SourceVersionDate "2011.11.24"]
[SourceQuality "1"]
[WhiteTeam "Komlo"]
[BlackTeam "Kaposvar Bastya"]
[WhiteTeamCountry "HUN"]
[BlackTeamCountry "HUN"]

1. d4 d5 2. c4 e6 3. Nc3 Nf6 4. Nf3 h6 5. Bf4 c6 6. c5 Qa5 7. a3 Nbd7 8. b4 Qd8 9. e3 Nh5 10. Be5 Nhf6 11. Bd3 Nxe5 12. Nxe5 Qc7 13. 0-0 Bd7 14. a4 b6 15. f4 a5 16. cxb6 Qxb6 17. bxa5 Qxa5 18. Qc2 Bb4 19. Na2 Bd6 20. Nc3 Bb4 21. Na2 Bd6 22. Nc3 Bb4 23. Na2 1/2-1/2

[Event "HUN-chT2 Asztalos 1011"]
[Site "Hungary"]
[Date "2011.03.27"]
[Round "7.3"]
[White "Szaz, Ferenc"]
[Black "Horvath, Miklos"]
[Result "0-1"]
[WhiteElo "2183"]
[BlackElo "2296"]
[PlyCount "95"]
[EventDate "2010.09.12"]
[EventType "team-tourn"]
[EventRounds "11"]
[EventCountry "HUN"]
[SourceTitle "EXT 2012"]
[Source "ChessBase"]
[SourceDate "2011.11.24"]
[SourceVersion "1"]
[SourceVersionDate "2011.11.24"]
[SourceQuality "1"]
[WhiteTeam "Komlo"]
[BlackTeam "Fehervar"]
[WhiteTeamCountry "HUN"]
[BlackTeamCountry "HUN"]

1. d4 Nf6 2. c4 g6 3. Nc3 d5 4. cxd5 Nxd5 5. e4 Nxc3 6. bxc3 Bg7 7. Bc4 c5 8. Ne2 Nc6 9. Be3 cxd4 10. cxd4 Qa5+ 11. Qd2 Qxd2+ 12. Kxd2 0-0 13. Rhd1 b6 14. Rac1 Bb7 15. f3 Rac8 16. Ke1 e6 17. Bb3 Na5 18. Rxc8 Rxc8 19. Rc1 Rxc1+ 20. Nxc1 Nxb3 21. Nxb3 f5 22. exf5 gxf5 23. Kf2 Kf7 24. Bf4 Bd5 25. Ke3 Ke7 26. g4 a5 27. gxf5 exf5 28. Bc7 a4 29. Nc1 b5 30. Bb6 Ke6 31. Bc5 Bc4 32. f4 Kd5 33. Nd3 Bxd3 34. Kxd3 Bf6 35. a3 Bh4 36. Bb4 Bf2 37. Bc3 Bg1 38. h3 Bh2 39. Bd2 Bg3 40. Ke3 Kc4 41. Bb4 Bh2 42. Kf3 Bg1 43. Kg3 Bxd4 44. Kh4 Kd5 45. Kg5 Ke4 46. Bd6 Be3 47. h4 b4 48. Bf8 0-1

[Event "HUN-chT2 Asztalos 0809"]
[Site "Hungary"]
[Date "2009.04.19"]
[Round "11"]
[White "Szemes, Tibor"]
[Black "Szaz, Ferenc"]
[Result "1/2-1/2"]
[WhiteElo "1873"]
[BlackElo "2146"]
[PlyCount "128"]
[EventDate "2008.10.26"]
[EventType "team-tourn"]
[EventRounds "11"]
[EventCountry "HUN"]
[SourceTitle "EXT 2010"]
[Source "ChessBase"]
[SourceDate "2010.11.25"]
[SourceVersion "1"]
[SourceVersionDate "2010.11.25"]
[SourceQuality "1"]
[WhiteTeam "Tamasi Szabadido"]
[BlackTeam "Komlo"]
[WhiteTeamCountry "HUN"]
[BlackTeamCountry "HUN"]

1. Nf3 d5 2. c4 e6 3. b3 d4 4. g3 c5 5. Bg2 Nc6 6. 0-0 g5 7. d3 g4 8. Ne1 h5 9. e3 dxe3 10. Bb2 exf2+ 11. Rxf2 Rh7 12. Nc2 Bg7 13. Bxg7 Rxg7 14. Nc3 Nd4 15. Ne4 Nxc2 16. Qxc2 Qd4 17. Raf1 f5 18. Nc3 h4 19. Ne2 Qe3 20. Qc3 Rh7 21. Re1 Qh6 22. Qe5 hxg3 23. hxg3 Ne7 24. Qxc5 Kf7 25. Qc7 Qe3 26. d4 Kg8 27. Qf4 Qxf4 28. Nxf4 Kf7 29. Rfe2 Rb8 30. d5 b6 31. Nxe6 Bxe6 32. Rxe6 Ng6 33. Rc6 Rb7 34. d6 Rd7 35. Rc7 Kf6 36. Rc6 Ne5 37. Rc7 Rxc7 38. dxc7 Rxc7 39. Rd1 Rd7 40. Rxd7 Nxd7 41. Kf2 Ke5 42. Ke3 Nf6 43. b4 Nh5 44. Kf2 f4 45. gxf4+ Kxf4 46. c5 g3+ 47. Kf1 bxc5 48. bxc5 Ke5 49. c6 Kd6 50. Be4 Nf4 51. a3 a5 52. Ke1 Ne6 53. Kf1 Nd4 54. Kg2 Nb5 55. Kxg3 Nxa3 56. Kf2 Nb5 57. c7 Nxc7 58. Bc2 Kc5 59. Ke2 Kb4 60. Kd2 Nb5 61. Kc1 Ka3 62. Kb1 Nc3+ 63. Ka1 Na2 64. Bf5 Nb4 1/2-1/2

[Event "HUN-chT2 Asztalos 0809"]
[Site "Hungary"]
[Date "2008.11.30"]
[Round "3"]
[White "Kele, Karoly"]
[Black "Szaz, Ferenc"]
[Result "1/2-1/2"]
[WhiteElo "2139"]
[BlackElo "2146"]
[PlyCount "176"]
[EventDate "2008.10.26"]
[EventType "team-tourn"]
[EventRounds "11"]
[EventCountry "HUN"]
[SourceTitle "EXT 2010"]
[Source "ChessBase"]
[SourceDate "2010.11.25"]
[SourceVersion "1"]
[SourceVersionDate "2010.11.25"]
[SourceQuality "1"]
[WhiteTeam "Pannonpower II"]
[BlackTeam "Komlo"]
[WhiteTeamCountry "HUN"]
[BlackTeamCountry "HUN"]

1. e4 d5 2. exd5 Nf6 3. d4 Nxd5 4. c4 Nb6 5. Nc3 e6 6. Be3 Bb4 7. Nf3 0-0 8. Bd3 h6 9. 0-0 c5 10. Ne2 cxd4 11. Nexd4 N8d7 12. Qe2 Re8 13. Bc2 Bf8 14. Rfd1 a6 15. Qd3 Nf6 16. Ne5 Nbd7 17. Ndf3 Qc7 18. Bd4 g6 19. Ba4 Re7 20. Bxd7 Nxd7 21. Nxd7 Bxd7 22. Bf6 Bc6 23. Bxe7 Bxe7 24. Qe3 Bf6 25. Nd4 Bg5 26. Qe2 Bd7 27. Nf3 Bf6 28. Rac1 e5 29. Rc2 Re8 30. h3 Bc6 31. Nd2 Rd8 32. Nf1 Rd4 33. Rcd2 b5 34. Rxd4 exd4 35. b3 Qb7 36. f3 bxc4 37. bxc4 Ba4 38. Rd2 Qb6 39. Qd3 Bd7 40. Ng3 Bg5 41. Rd1 Be3+ 42. Kh1 Qb2 43. Qe2 Qxe2 44. Nxe2 Ba4 45. Rxd4 Bxd4 46. Nxd4 Kf8 47. Kg1 Ke7 48. Kf2 Kd6 49. Ke3 Kc5 50. Kd3 Kb4 51. a3+ Kxa3 52. Kc3 a5 53. c5 Bd7 54. c6 Bc8 55. Nb5+ Ka2 56. c7 Be6 57. Nd6 a4 58. c8Q Bxc8 59. Nxc8 Kb1 60. Nd6 a3 61. Nc4 a2 62. Na3+ Kc1 63. Nc2 Kd1 64. Kd3 Kc1 65. g4 Kb2 66. h4 g5 67. hxg5 hxg5 68. Kd2 Kb1 69. Kd1 Kb2 70. Kd2 f6 71. Kd3 Kb3 72. Na1+ Kb2 73. Kd2 Kb1 74. Kc3 Kc1 75. Nb3+ Kd1 76. Kd3 Ke1 77. Ke3 Kf1 78. f4 Ke1 79. fxg5 fxg5 80. Kd3 Kf2 81. Ke4 Ke1 82. Ke3 Kd1 83. Kd3 Ke1 84. Na1 Kf2 85. Ke4 Ke2 86. Nb3 Kd1 87. Kd3 Ke1 88. Ke3 Kd1 1/2-1/2

[Event "HUN-chT2 Asztalos 0708"]
[Site "Hungary"]
[Date "2007.12.16"]
[Round "5"]
[White "Szaz, Ferenc"]
[Black "Molnar, Szabolcs"]
[Result "1/2-1/2"]
[WhiteElo "2201"]
[BlackElo "2008"]
[PlyCount "89"]
[EventDate "2007.10.14"]
[EventType "team"]
[EventRounds "11"]
[EventCountry "HUN"]
[SourceTitle "EXT 2009"]
[Source "ChessBase"]
[SourceDate "2008.11.26"]
[SourceVersion "1"]
[SourceVersionDate "2008.11.26"]
[SourceQuality "1"]
[WhiteTeam "Komlo Banyasz"]
[BlackTeam "Dombovar"]
[WhiteTeamCountry "HUN"]
[BlackTeamCountry "HUN"]

1. c4 Nf6 2. Nc3 g6 3. d4 Bg7 4. e4 d6 5. Be2 0-0 6. g4 c5 7. d5 e6 8. g5 Ne8 9. h4 exd5 10. cxd5 Qe7 11. Qd3 f5 12. gxf6 Qxf6 13. Qg3 a6 14. a4 Nd7 15. Nf3 Ne5 16. Nxe5 Qxe5 17. f4 Qe7 18. Qg2 Bxc3+ 19. bxc3 Nf6 20. h5 Qxe4 21. Qxe4 Nxe4 22. hxg6 hxg6 23. c4 Bf5 24. Ra3 Rae8 25. Rb3 Re7 26. Bb2 Nf6 27. Kd1 Kf7 28. Rb6 Rd8 29. a5 Rdd7 30. Rh8 Re4 31. Rb8 Rde7 32. Bxf6 Kxf6 33. Rb2 Rd4+ 34. Kc1 Rh7 35. Rf8+ Kg7 36. Rxb7+ Kxf8 37. Rxh7 Rxf4 38. Ra7 Rf2 39. Kd1 g5 40. Ke1 Rf4 41. Rxa6 Ke7 42. Rb6 g4 43. a6 g3 44. Bf1 Rf2 45. Rb3 1/2-1/2